000 00391nam a22001457a 4500
003 OSt
005 20250904101314.0
008 250904b |||||||| |||| 00| 0 eng d
020 _a9789966499240
040 _cJackie`s Ravenous Pest
050 _aPZ .7.W39 2007
245 _aJACKIE THE RAVENOUS PEST
_cWAWERU PETER
260 _aNAIROBI, KENYA
_bLONGHORN PUBLISHERS
_c2007
942 _2lcc
_cBK
_n0
999 _c9579
_d9579